| 000 | 01279nam a22001577a 4500 | ||
|---|---|---|---|
| 003 | IT-RoPau | ||
| 005 | 20220918181103.0 | ||
| 008 | 130409b xxu||||| |||| 00| 0 eng d | ||
| 040 | _cIT-RoPau | ||
| 245 |
_a"Compartir el pan de la palabra" _bDossier para el Ano Bíblico Paulino 1991 - 1992 |
||
| 250 | _a1° ed | ||
| 260 |
_aRoma _bCasa General SSP _c1991 |
||
| 300 |
_a137 pp. _c28,5 cm |
||
| 520 | _aIndice Presentación, del P. Renato Perino Nota introductiva, del P. Guido Gandolfo P. Franco Pierini, El P. Alberione y la Biblia (Esbozo de investigación histórico-cultural) P. Alejandro Castegnaro, El P. Alberione y San Pablo P. Angel Colacrai, Jn 14,6 - Contenido esencial y método de espiritualidad "paulina" - Apuntes P. Antonio da Silva, Jn. 14,6 - herencia carismática para la Familia Paulina P. Hugo Vanni, San Pablo y la Palabra de Dios Mons. Alberto Ablondi, la Biblia en la Iglesia hoy P. Angel Colacrai, Itinerario Bíblico-espiritual (Lectio Divina) P. Antonio F. da Silva, Una propuesta de interpretación de la experiencia Verdad-Camino-Vida Asamblea de Ariccia, Algunas sugerencias prácticas (para el compromiso individual y comunitario) P. Venancio Floriano, Propuestas para la "Hora de adoración" en los primeros domingos del mes | ||
| 942 |
_2ddc _cBK |
||
| 999 |
_c98336 _d98336 |
||